000 00686nam a22002177a 4500
005 20231122094809.0
008 231122b ag|||||||| |||| 00| 0 spa d
020 _a9871283148 argentina
020 _a8460983900 españa
050 0 4 _aJA71
_bE87 2006
100 1 _aEsposito, Roberto,
_d1950-
240 _aCategorie dell’impolitico
245 1 0 _aCategorías de lo impolítico /
_cRoberto Esposito ; traducido por Roberto Raschella
250 _a1a ed.
260 _aBuenos Aires :
_bKatz,
_c2006
300 _a329 p. ;
_c23 cm.
490 0 _aConocimiento,
_v3005
650 4 _aCiencia política
_xFilosofía
700 1 _aRaschella,Roberto,
_etraductor
942 _2lcc
_cLIB
999 _c169069
_d169067